<?xml version="1.0" encoding="UTF-8"?>
<record
    xmlns:xsi="http://www.w3.org/2001/XMLSchema-instance"
    xsi:schemaLocation="http://www.loc.gov/MARC21/slim http://www.loc.gov/standards/marcxml/schema/MARC21slim.xsd"
    xmlns="http://www.loc.gov/MARC21/slim">

  <leader>03316nam a2200565Ia 4500</leader>
  <controlfield tag="001">595</controlfield>
  <controlfield tag="008">241029s9999    xx            000 0 und d</controlfield>
  <datafield tag="010" ind1=" " ind2=" ">
    <subfield code="a">542</subfield>
  </datafield>
  <datafield tag="041" ind1=" " ind2=" ">
    <subfield code="a">Espa&#xF1;ol</subfield>
  </datafield>
  <datafield tag="082" ind1=" " ind2=" ">
    <subfield code="a">NO APLICA</subfield>
  </datafield>
  <datafield tag="245" ind1=" " ind2="0">
    <subfield code="a">La Practica de la Orientacion en los Centros Educativos del Nivel Medio del Distrito Educativo 07-03 del Municipio de Castillo, Provincia Duarte su Vinculacion con los Lineamientos Curriculares y el Proceso de Formacion de los Estudiantes, Enero-Junio, 2011.</subfield>
  </datafield>
  <datafield tag="260" ind1=" " ind2=" ">
    <subfield code="a">Duarte</subfield>
  </datafield>
  <datafield tag="300" ind1=" " ind2=" ">
    <subfield code="a">97</subfield>
  </datafield>
  <datafield tag="520" ind1=" " ind2=" ">
    <subfield code="a">29</subfield>
  </datafield>
  <datafield tag="630" ind1=" " ind2=" ">
    <subfield code="a">Curr&#xED;culo</subfield>
  </datafield>
  <datafield tag="630" ind1=" " ind2=" ">
    <subfield code="a">Estudiantes</subfield>
  </datafield>
  <datafield tag="630" ind1=" " ind2=" ">
    <subfield code="a">Oferta Curricular</subfield>
  </datafield>
  <datafield tag="630" ind1=" " ind2=" ">
    <subfield code="a">Orientaci&#xF3;n Educativa</subfield>
  </datafield>
  <datafield tag="650" ind1=" " ind2=" ">
    <subfield code="a">Orientaci&#xF3;n</subfield>
  </datafield>
  <datafield tag="690" ind1=" " ind2=" ">
    <subfield code="a">Copiado sin cambios</subfield>
  </datafield>
  <datafield tag="700" ind1=" " ind2=" ">
    <subfield code="e">asesor</subfield>
    <subfield code="a">Garcia Olivo, Eufemia Antonia</subfield>
  </datafield>
  <datafield tag="700" ind1=" " ind2=" ">
    <subfield code="e">autor</subfield>
    <subfield code="a">Zapata Beato, Agustina</subfield>
  </datafield>
  <datafield tag="700" ind1=" " ind2=" ">
    <subfield code="e">autor</subfield>
    <subfield code="a">Zapata Beato, Virginia</subfield>
  </datafield>
  <datafield tag="901" ind1=" " ind2=" ">
    <subfield code="a">{"1":"Zapata Beato","2":"Zapata Beato"}</subfield>
    <subfield code="b">{"1":"Agustina","2":"Virginia"}</subfield>
  </datafield>
  <datafield tag="902" ind1=" " ind2=" ">
    <subfield code="a">1</subfield>
  </datafield>
  <datafield tag="903" ind1=" " ind2=" ">
    <subfield code="a">{"1":"Garcia Olivo"}</subfield>
    <subfield code="b">{"1":"Eufemia Antonia"}</subfield>
  </datafield>
  <datafield tag="904" ind1=" " ind2=" ">
    <subfield code="a">Maestr&#xED;a en</subfield>
  </datafield>
  <datafield tag="905" ind1=" " ind2=" ">
    <subfield code="a">Ense&#xF1;anza Superior</subfield>
  </datafield>
  <datafield tag="906" ind1=" " ind2=" ">
    <subfield code="a">2</subfield>
  </datafield>
  <datafield tag="907" ind1=" " ind2=" ">
    <subfield code="a">NO APLICA</subfield>
  </datafield>
  <datafield tag="908" ind1=" " ind2=" ">
    <subfield code="a">NO APLICA</subfield>
  </datafield>
  <datafield tag="909" ind1=" " ind2=" ">
    <subfield code="a">Universidad Aut&#xF3;noma de Santo Domingo (UASD)</subfield>
  </datafield>
  <datafield tag="910" ind1=" " ind2=" ">
    <subfield code="a">NULL</subfield>
    <subfield code="b">NULL</subfield>
  </datafield>
  <datafield tag="911" ind1=" " ind2=" ">
    <subfield code="a">["1"]</subfield>
  </datafield>
  <datafield tag="912" ind1=" " ind2=" ">
    <subfield code="a">NO APLICA</subfield>
  </datafield>
  <datafield tag="913" ind1=" " ind2=" ">
    <subfield code="a">NULL</subfield>
  </datafield>
  <datafield tag="914" ind1=" " ind2=" ">
    <subfield code="a">01 de Septiembre de 2012</subfield>
  </datafield>
  <datafield tag="915" ind1=" " ind2=" ">
    <subfield code="a">07/06/14 10:06</subfield>
  </datafield>
  <datafield tag="916" ind1=" " ind2=" ">
    <subfield code="a">NULL</subfield>
  </datafield>
  <datafield tag="917" ind1=" " ind2=" ">
    <subfield code="a">NULL</subfield>
  </datafield>
  <datafield tag="918" ind1=" " ind2=" ">
    <subfield code="a">NO APLICA</subfield>
  </datafield>
  <datafield tag="919" ind1=" " ind2=" ">
    <subfield code="a">["52","96","147","148"]</subfield>
  </datafield>
  <datafield tag="520" ind1=" " ind2=" ">
    <subfield code="a">La presente investigaci&#xF3;n es un estudio descriptivo con una recolecci&#xF3;n prospectiva de datos realizada en seis escuelas de nivel medio; ubicadas: cuatro (4) en el Municipio de Pimentel; Liceo Agust&#xED;n Bonilla Matutino, Liceo Salome Ure&#xF1;a Vespertino, Liceo Agust&#xED;n Bonilla Nocturno, en Caobete; Ram&#xF3;n del Orbe, Uno (1) en el Municipio de Castillo; Liceo Mar&#xED;a Paulino Viuda P&#xE9;rez, Uno (1) en el Municipio de Hostos; Eugenio Mar&#xED;a de Hostos.Con el objetivo de determinar en qu&#xE9; medida la pr&#xE1;ctica de la orientaci&#xF3;n desarrollada en el Distrito Educativo 07-03 se corresponde con los Lineamientos Curriculares del &#xC1;rea y que Incidencia tiene esta en el Proceso de Formaci&#xF3;n de los Estudiantes, Castillo Enero-Junio 2011.Los objetivos espec&#xED;ficos buscan identificar la planificaci&#xF3;n de actividades, la coordinaci&#xF3;n con directores y maestros, participaci&#xF3;n de padres, madres y comunidad, desarrollo de la orientaci&#xF3;n grupal e individual de la poblaci&#xF3;n analizada.Se utiliz&#xF3; el m&#xE9;todo documental: libros, revistas, folletos, manuales, e internet. El instrumento para la recolecci&#xF3;n de informaci&#xF3;n consisti&#xF3; en un formulario el cual conten&#xED;a las variables, frecuencia, planificaci&#xF3;n de actividades, coordinaci&#xF3;n con directores, trabajo con maestros, participaci&#xF3;n de padres, madres y comunidad, orientaci&#xF3;n grupal, orientaci&#xF3;n individual.Seg&#xFA;n encuesta realizada a maestros (as), directores (as) y orientadores (as) las variables con el valor m&#xE1;s relevante representa la coordinaci&#xF3;n con directores (as) con un porcentaje (68.87%) y la actividad que menos se realiza son los trabajos de padres, madres y comunidad con un porcentaje de (28.27%).</subfield>
  </datafield>
  <datafield tag="921" ind1=" " ind2=" ">
    <subfield code="a">16</subfield>
  </datafield>
  <datafield tag="922" ind1=" " ind2=" ">
    <subfield code="a">16</subfield>
  </datafield>
  <datafield tag="923" ind1=" " ind2=" ">
    <subfield code="a">0</subfield>
  </datafield>
  <datafield tag="924" ind1=" " ind2=" ">
    <subfield code="a">NO APLICA</subfield>
  </datafield>
  <datafield tag="942" ind1=" " ind2=" ">
    <subfield code="c">Tesis</subfield>
  </datafield>
  <datafield tag="999" ind1=" " ind2=" ">
    <subfield code="c">542</subfield>
    <subfield code="d">542</subfield>
  </datafield>
</record>
